[Event "C.to Regionale Lombardia"]
[Site "Monza ITA"]
[Date "2005.05.22"]
[Round "6"]
[White "Bergonzoni, Carlo"]
[Black "Bettini, Massimo"]
[Result "1-0"]
[WhiteElo "1509"]
[BlackElo "1896"]
[PlyCount "59"]
[EventDate "2005.05.14"]

1. d4 Nf6 2. c4 c5 3. d5 e6 4. Nc3 exd5 5. cxd5 d6 6. e4 g6 7. f4 Bg7 8. Nf3
O-O 9. Be2 a6 10. a4 Re8 11. e5 dxe5 12. fxe5 Ng4 13. Bg5 f6 14. Bxf6 Bxf6 15.
exf6 Ne3 16. f7+ Kxf7 17. Qd2 Bf5 18. d6 Nc6 19. Kf2 Ne5 20. Nxe5+ Rxe5 21.
Rhe1 Qg5 22. Bc4+ Kg7 23. Rxe3 Qf4+ 24. Ke2 Qxc4+ 25. Kf2 Qf4+ 26. Ke2 Bg4+ 27.
Kd3 Qd4+ 28. Kc2 Rxe3 29. Rd1 Bxd1+ 30. Nxd1 1-0

[Event "C.to Regionale Lombardia"]
[Site "Monza ITA"]
[Date "2005.05.22"]
[Round "6"]
[White "Bertrecchi, Corrado"]
[Black "Merlini, Luigi"]
[Result "0-1"]
[WhiteElo "1425"]
[BlackElo "1456"]
[PlyCount "98"]
[EventDate "2005.05.14"]

1. d4 d5 2. h3 Nc6 3. c3 e5 4. e3 e4 5. g4 Be7 6. Rh2 Bd6 7. Rg2 h6 8. Nd2 Nge7
9. g5 Ng6 10. gxh6 Rxh6 11. a3 Qf6 12. f4 Bxh3 13. Nxh3 Rxh3 14. Rxg6 Qxg6 15.
Bxh3 Qg3+ 16. Ke2 Qxh3 17. Qg1 g6 18. Nf1 O-O-O 19. Bd2 Be7 20. Ng3 Bh4 21. Be1
Ne7 22. Kd2 Bxg3 23. Bxg3 Nf5 24. Bf2 Rh8 25. Re1 Nh4 26. Bxh4 Qxh4 27. Re2 Qh3
28. b3 Qf3 29. Rh2 Rh3 30. Rxh3 Qxh3 31. c4 Qe6 32. c5 Qa6 33. Qg4+ f5 34. Qh3
Qf6 35. Kc3 b6 36. b4 Kb7 37. Qh7 Qc6 38. Kb3 bxc5 39. bxc5 Qb5+ 40. Kc3 Qd3+
41. Kb4 a6 42. a4 Qc4+ 43. Ka3 a5 44. Qxg6 Qb4+ 45. Ka2 Qxa4+ 46. Kb1 Qb3+ 47.
Ka1 a4 48. Qxf5 a3 49. c6+ Kb6 0-1

[Event "C.to Regionale Lombardia"]
[Site "Monza ITA"]
[Date "2005.05.22"]
[Round "6"]
[White "Brunelli, Giovanni"]
[Black "Perissinotto, Claudio"]
[Result "1-0"]
[WhiteElo "1956"]
[BlackElo "2098"]
[PlyCount "29"]
[EventDate "2005.05.14"]

1. e4 c5 2. Nf3 d6 3. d4 cxd4 4. Nxd4 Nf6 5. Nc3 g6 6. Be2 Bg7 7. Be3 O-O 8.
O-O Nc6 9. f4 Bd7 10. Nxc6 Bxc6 11. Bf3 Qc7 12. Nd5 Nxd5 13. exd5 Ba4 14. Bd4
Qxc2 15. Bxg7 1-0

[Event "C.to Regionale Lombardia"]
[Site "Monza ITA"]
[Date "2005.05.22"]
[Round "6"]
[White "Cammarota, Vittorio"]
[Black "Manca, Renato"]
[Result "1-0"]
[WhiteElo "1709"]
[BlackElo "1808"]
[PlyCount "91"]
[EventDate "2005.05.14"]

1. d4 Nf6 2. Nf3 d6 3. Bf4 c5 4. e3 cxd4 5. exd4 Bg4 6. h3 Bh5 7. c4 Nbd7 8.
Be2 e5 9. dxe5 Ne4 10. Qd5 Bxf3 11. Bxf3 g5 12. e6 Ndc5 13. exf7+ Ke7 14. Bxg5+
Nxg5 15. Qxg5+ Kd7 16. Qxd8+ Rxd8 17. Ke2 Na4 18. Nd2 Bg7 19. Rab1 Nxb2 20.
Rxb2 Bxb2 21. Rb1 Bd4 22. Rxb7+ Kc8 23. Re7 Rhf8 24. Bg4+ Kb8 25. Ne4 d5 26.
cxd5 Rxd5 27. Be6 Rdd8 28. g4 h6 29. h4 Bb2 30. Nc5 Ba3 31. Nd7+ Kc7 32. Nxf8+
Bxe7 33. Ng6 Bc5 34. g5 hxg5 35. h5 Rb8 36. Bb3 a5 37. h6 a4 38. h7 axb3 39.
axb3 Bd4 40. f8=Q Rxf8 41. Nxf8 Kd6 42. Ng6 Kc5 43. h8=Q Bxh8 44. Nxh8 Kb4 45.
Kf3 Kxb3 46. Nf7 1-0

[Event "C.to Regionale Lombardia"]
[Site "Monza ITA"]
[Date "2005.05.22"]
[Round "6"]
[White "Cattaneo, Dario"]
[Black "Milan, Paolo"]
[Result "0-1"]
[WhiteElo "1556"]
[BlackElo "1883"]
[PlyCount "65"]
[EventDate "2005.05.14"]

1. d4 Nf6 2. Nf3 e6 3. c4 Bb4+ 4. Bd2 Bxd2+ 5. Nbxd2 d5 6. e3 O-O 7. Bd3 Nbd7
8. O-O c5 9. Re1 b6 10. cxd5 exd5 11. Rc1 c4 12. Bb1 b5 13. b3 a5 14. bxc4 dxc4
15. a4 bxa4 16. Qxa4 Nb6 17. Qa3 Qd5 18. e4 Qb5 19. Ba2 Ba6 20. Rb1 Qa4 21.
Qxa4 Nxa4 22. Bxc4 Bxc4 23. Nxc4 Rfc8 24. Nfd2 Nc3 25. Ra1 Nfxe4 26. Rxe4 Nxe4
27. f3 Nxd2 28. Nxd2 a4 29. Kf2 a3 30. Ke2 Rc3 31. Ra2 Rb8 32. Kd1 Rb2 33. Ra1
0-1

[Event "C.to Regionale Lombardia"]
[Site "Monza ITA"]
[Date "2005.05.22"]
[Round "6"]
[White "Corti, Lorenzo"]
[Black "Faccio, Fabio"]
[Result "1/2-1/2"]
[WhiteElo "1437"]
[BlackElo "1952"]
[PlyCount "49"]
[EventDate "2005.05.14"]

1. e4 c5 2. Nf3 d6 3. d4 cxd4 4. Nxd4 Nf6 5. Nc3 a6 6. Bc4 e6 7. f3 Be7 8. Bb3
Nc6 9. Be3 O-O 10. Qd2 Bd7 11. g4 h6 12. h4 Nxd4 13. Bxd4 Nh7 14. Qh2 e5 15.
Be3 g5 16. hxg5 Bxg5 17. Nd5 Kg7 18. O-O-O Be6 19. f4 exf4 20. Nxf4 Bxb3 21.
axb3 Qe7 22. Rd5 Rh8 23. Bd4+ f6 24. Kb1 Qxe4 25. Nh5+ 1/2-1/2

[Event "C.to Regionale Lombardia"]
[Site "Monza ITA"]
[Date "2005.05.22"]
[Round "6"]
[White "Crippa, Gabriele"]
[Black "Olivo, Mario"]
[Result "1-0"]
[WhiteElo "2099"]
[BlackElo "1799"]
[PlyCount "67"]
[EventDate "2005.05.14"]

1. d4 Nf6 2. Bg5 g6 3. Bxf6 exf6 4. c4 Bg7 5. Nc3 f5 6. e3 d6 7. Nge2 a6 8. g3
Bd7 9. Bg2 Bc6 10. Nd5 Bxd5 11. cxd5 Nd7 12. O-O O-O 13. Qd3 Nf6 14. Rfc1 Re8
15. Rc2 Re7 16. Rac1 Ne8 17. Rc4 Qd7 18. Rb4 Rb8 19. Qb3 Qc8 20. a4 Bh6 21. Bf1
Rd7 22. a5 Bg5 23. Rc6 Rd8 24. Rc2 h5 25. Nc3 c5 26. dxc6 bxc6 27. h4 Be7 28.
Nd5 Rxb4 29. Nxe7+ Kf8 30. Nxg6+ fxg6 31. Qxb4 c5 32. dxc5 dxc5 33. Rxc5 Qb8
34. Rxf5+ 1-0

[Event "C.to Regionale Lombardia"]
[Site "Monza ITA"]
[Date "2005.05.22"]
[Round "6"]
[White "D'Apa, Matteo"]
[Black "Romano, Zeno"]
[Result "0-1"]
[WhiteElo "1993"]
[BlackElo "1767"]
[PlyCount "76"]
[EventDate "2005.05.14"]

1. d4 d5 2. c4 e6 3. Nc3 Nf6 4. Bg5 Be7 5. e3 O-O 6. Nf3 h6 7. Bh4 b6 8. Bd3
Bb7 9. O-O dxc4 10. Bxc4 c5 11. Qe2 Nc6 12. dxc5 Bxc5 13. Rfd1 Qc7 14. Bxf6
gxf6 15. Ne4 Be7 16. Nd4 Ne5 17. Bd3 Nxd3 18. Qxd3 Rad8 19. Rac1 Qd7 20. Qb1
Bxe4 21. Qxe4 e5 22. Qh4 exd4 23. Qxh6 Qg4 24. h3 Qg5 25. Qxg5+ fxg5 26. exd4
Rd7 27. Rc2 Rfd8 28. Rcd2 Rd5 29. g3 Bf6 30. b3 Rxd4 31. Rxd4 Rxd4 32. Rxd4
Bxd4 33. Kg2 Kg7 34. f4 gxf4 35. gxf4 Kg6 36. Kg3 f5 37. a4 a5 38. Kf3 Kh5 0-1

[Event "C.to Regionale Lombardia"]
[Site "Monza ITA"]
[Date "2005.05.22"]
[Round "6"]
[White "Fiorili, Roberto"]
[Black "Molteni, Costantino"]
[Result "1-0"]
[WhiteElo "1742"]
[BlackElo "1986"]
[PlyCount "99"]
[EventDate "2005.05.14"]

1. d4 Nf6 2. c4 e6 3. Nc3 c5 4. d5 exd5 5. cxd5 d6 6. e4 g6 7. Nge2 Bg7 8. Ng3
O-O 9. Be2 b6 10. Be3 Ba6 11. h4 Bxe2 12. Qxe2 Nbd7 13. h5 Ne5 14. hxg6 fxg6
15. f3 c4 16. Qd2 Nd3+ 17. Ke2 Qd7 18. Bh6 Rf7 19. Bxg7 Rxg7 20. b3 b5 21. Nxb5
Qxb5 22. bxc4 Qxc4 23. Qxd3 Rc8 24. Qxc4 Rxc4 25. Rhc1 Rgc7 26. Rxc4 Rxc4 27.
Kd3 Ra4 28. Ne2 Nd7 29. Nc3 Nc5+ 30. Kc2 Rc4 31. Rb1 Na4 32. Rb3 Nc5 33. Rb8+
Kf7 34. a3 Na4 35. Kb3 Rxc3+ 36. Kxa4 Rc2 37. Rb7+ Kf6 38. Rxa7 h5 39. Kb3 Rxg2
40. a4 Rg3 41. a5 Rxf3+ 42. Kb4 Rf4 43. a6 Rxe4+ 44. Kb5 h4 45. Rh7 Re1 46.
Rxh4 Ra1 47. Ra4 Rb1+ 48. Kc6 Ke5 49. a7 Rc1+ 50. Kd7 1-0

[Event "C.to Regionale Lombardia"]
[Site "Monza ITA"]
[Date "2005.05.22"]
[Round "6"]
[White "Fornari, Sergio"]
[Black "Madaschi, Sergio"]
[Result "1/2-1/2"]
[WhiteElo "1403"]
[BlackElo "1604"]
[PlyCount "79"]
[EventDate "2005.05.14"]

1. d4 Nf6 2. Nf3 g6 3. Bf4 Bg7 4. e3 d6 5. Nbd2 O-O 6. Bd3 Nc6 7. c3 e5 8. Bg5
Qe8 9. Bxf6 Bxf6 10. d5 Ne7 11. e4 c6 12. c4 Bg7 13. Ng5 f6 14. Nh3 Bxh3 15.
gxh3 Qd7 16. Bf1 f5 17. Be2 Bh6 18. exf5 Qxf5 19. Rf1 Qxh3 20. Bg4 Bxd2+ 21.
Kxd2 Qh6+ 22. Kc3 cxd5 23. Be6+ Kh8 24. Bxd5 Rab8 25. Be6 Rfd8 26. f4 exf4 27.
Qd4+ Qg7 28. Qxg7+ Kxg7 29. Rxf4 Rf8 30. Raf1 Rxf4 31. Rxf4 Rf8 32. Rxf8 Kxf8
33. Kd4 Kg7 34. b4 Kf6 35. Bh3 h5 36. c5 dxc5+ 37. bxc5 g5 38. Bg2 Nc6+ 39. Kc4
a6 40. Kb3 1/2-1/2

[Event "C.to Regionale Lombardia"]
[Site "Monza ITA"]
[Date "2005.05.22"]
[Round "6"]
[White "Gabetto, Flaviano"]
[Black "Salmoiraghi, Angelo"]
[Result "1-0"]
[WhiteElo "2136"]
[BlackElo "1823"]
[PlyCount "49"]
[EventDate "2005.05.14"]

1. e4 e6 2. Nf3 d5 3. e5 c5 4. b4 cxb4 5. a3 Nc6 6. axb4 Bxb4 7. c3 Bf8 8. d4
Nge7 9. Bd3 g6 10. h4 h5 11. Ng5 Nf5 12. Na3 a6 13. Nc2 Bh6 14. Qf3 Qc7 15.
Bxf5 gxf5 16. Qxh5 Nxe5 17. dxe5 Qxe5+ 18. Kd1 Bxg5 19. Qxg5 Bd7 20. Ba3 f6 21.
Qg6+ Kd8 22. Re1 Qxc3 23. Re3 Qc4 24. Qxf6+ Kc7 25. Rc3 1-0

[Event "C.to Regionale Lombardia"]
[Site "Monza ITA"]
[Date "2005.05.22"]
[Round "6"]
[White "Lapiccirella, Mattia"]
[Black "Piantoni, Roberto"]
[Result "1-0"]
[WhiteElo "2220"]
[BlackElo "2169"]
[PlyCount "133"]
[EventDate "2005.05.14"]

1. d4 Nf6 2. c4 c5 3. d5 b5 4. cxb5 a6 5. b6 Qxb6 6. Nc3 g6 7. e4 d6 8. a4 Bg7
9. a5 Qb4 10. Ra4 Qb7 11. Bc4 O-O 12. Nge2 Ne8 13. Qd3 Nc7 14. Ra3 Bd7 15. Rb3
Qa7 16. O-O Bb5 17. Nxb5 axb5 18. Bxb5 Nxb5 19. Rxb5 Na6 20. Bd2 Rfb8 21. b3
Nb4 22. Bxb4 cxb4 23. Rc1 Bb2 24. Rxb8+ Qxb8 25. Rc2 Bf6 26. a6 Qb6 27. Rc6 Qa5
28. g3 h5 29. h4 Kg7 30. Qc4 Ra7 31. Kg2 Kh7 32. Nf4 Be5 33. Nd3 Bc3 34. Nf4
Be5 35. Nh3 Bf6 36. Ng1 Bc3 37. Ne2 Bf6 38. Nd4 Ra8 39. Qb5 Qa2 40. Qxb4 Rxa6
41. Rxa6 Qxa6 42. Nc6 Qe2 43. Qc4 Qb2 44. b4 g5 45. hxg5 Bxg5 46. e5 Qd2 47.
exd6 exd6 48. Qe4+ Kg8 49. b5 Qb2 50. Nd4 Qb4 51. Qf5 Qxd4 52. Qxg5+ Kf8 53.
Qh6+ Kg8 54. Qxd6 Qe4+ 55. Kg1 h4 56. Qd8+ Kg7 57. Qg5+ Kf8 58. gxh4 Qe1+ 59.
Kg2 Qb1 60. h5 Qe4+ 61. Kh2 Qe2 62. Qf5 Qxb5 63. h6 Qa6 64. Qg5 Qd6+ 65. Kg2 f6
66. Qg7+ Ke8 67. Qg8+ 1-0

[Event "C.to Regionale Lombardia"]
[Site "Monza ITA"]
[Date "2005.05.22"]
[Round "6"]
[White "Marchesotti, Giovanni"]
[Black "Tassini, Marco"]
[Result "1/2-1/2"]
[WhiteElo "1499"]
[BlackElo "1691"]
[PlyCount "81"]
[EventDate "2005.05.14"]

1. Nf3 Nf6 2. g3 d5 3. Bg2 e6 4. O-O c5 5. d3 Bd6 6. Nbd2 O-O 7. e4 Qc7 8. Re1
Nc6 9. a3 Rd8 10. Qe2 e5 11. exd5 Nxd5 12. h3 Nf6 13. Nc4 Re8 14. Qf1 Bf5 15.
Bd2 Rad8 16. Bg5 Re6 17. Ne3 Bg6 18. Bxf6 gxf6 19. Nd5 Qa5 20. Nh4 Nd4 21. Rac1
Qb5 22. Nxg6 fxg6 23. c3 Nb3 24. Rc2 Kg7 25. Ne3 Bc7 26. Bd5 Red6 27. c4 Qd7
28. Rc3 Nd4 29. Rcc1 f5 30. Nc2 Rxd5 31. cxd5 Nf3+ 32. Kh1 Nxe1 33. Nxe1 Qxd5+
34. Qg2 Qxg2+ 35. Kxg2 Ba5 36. Nf3 e4 37. dxe4 fxe4 38. Ng5 Rd2 39. Ne6+ Kf6
40. Nxc5 Ke5 41. Nb3 1/2-1/2

[Event "C.to Regionale Lombardia"]
[Site "Monza ITA"]
[Date "2005.05.22"]
[Round "6"]
[White "Marrone, Vincenzo"]
[Black "Paniga, Danilo"]
[Result "1-0"]
[WhiteElo "1838"]
[BlackElo "1665"]
[PlyCount "35"]
[EventDate "2005.05.14"]

1. e4 d6 2. d4 Nf6 3. Bd3 e5 4. c3 c6 5. Nf3 Qc7 6. h3 Be7 7. Be3 d5 8. Nbd2
Nbd7 9. O-O O-O 10. Rc1 dxe4 11. Nxe4 Nxe4 12. Bxe4 Nf6 13. Bb1 exd4 14. Bxd4
h6 15. Qc2 g6 16. Be5 Qb6 17. Nh4 Kh7 18. Nxg6 1-0

[Event "C.to Regionale Lombardia"]
[Site "Monza ITA"]
[Date "2005.05.22"]
[Round "6"]
[White "Nardone, Massimo"]
[Black "Damia, Angelo"]
[Result "0-1"]
[WhiteElo "1903"]
[BlackElo "2110"]
[PlyCount "117"]
[EventDate "2005.05.14"]

1. c4 Nf6 2. Nc3 e5 3. g3 Bb4 4. Bg2 O-O 5. a3 Bc5 6. b4 Be7 7. d3 c6 8. Nf3 d6
9. O-O Nbd7 10. Bb2 Re8 11. Qc2 Nf8 12. d4 exd4 13. Nxd4 Be6 14. Nxe6 Nxe6 15.
Ne4 Nxe4 16. Bxe4 Ng5 17. Bg2 Bf6 18. Rfd1 Bxb2 19. Qxb2 Qe7 20. e3 Rad8 21.
Rd2 Ne6 22. Rad1 Rd7 23. Qc2 Red8 24. Qe4 g6 25. Qf3 Ng5 26. Qf4 Ne6 27. Qf3 f5
28. h4 Nc7 29. Bf1 Kg7 30. Be2 d5 31. c5 Qe5 32. Qf4 Qf6 33. Qd4 Ne6 34. Qxf6+
Kxf6 35. Kg2 b6 36. cxb6 axb6 37. Rc2 c5 38. bxc5 bxc5 39. Bb5 Rc7 40. a4 Ke5
41. a5 Rb8 42. Bf1 Nd8 43. Rcd2 Rd7 44. Rc2 Rc8 45. Rcd2 c4 46. Rc2 Ra7 47. f4+
Ke6 48. Ra2 Rc5 49. a6 Rc6 50. Rad2 Rc5 51. Ra2 Kd6 52. Kf2 Nc6 53. Ra4 Na5 54.
Rd4 Nb3 55. Rd1 c3 56. Bc4 c2 57. Bxb3 cxd1=Q 58. Bxd1 Rc6 59. Be2 0-1

[Event "C.to Regionale Lombardia"]
[Site "Monza ITA"]
[Date "2005.05.22"]
[Round "6"]
[White "Panaio, Luigi"]
[Black "Cardani, Roberto"]
[Result "0-1"]
[WhiteElo "1416"]
[BlackElo "1840"]
[PlyCount "50"]
[EventDate "2005.05.14"]

1. e4 c5 2. Nf3 d6 3. c3 Nf6 4. d3 g6 5. Be2 Bg7 6. O-O O-O 7. Nbd2 e5 8. d4
Nc6 9. Nb3 Nxe4 10. d5 Ne7 11. Re1 f5 12. Bd3 Nf6 13. Ng5 Kh8 14. Ne6 Bxe6 15.
dxe6 e4 16. Be2 b6 17. Bf4 d5 18. Qc1 Qc8 19. Bh6 Qxe6 20. Qg5 Nfg8 21. Bxg7+
Kxg7 22. Bd3 f4 23. Be2 Nh6 24. Bh5 Rf5 25. Qxf5 Qxf5 0-1

[Event "C.to Regionale Lombardia"]
[Site "Monza ITA"]
[Date "2005.05.22"]
[Round "6"]
[White "Peluso, Lorenzo"]
[Black "Folcini, Gaddo"]
[Result "1-0"]
[WhiteElo "1428"]
[BlackElo "1502"]
[PlyCount "67"]
[EventDate "2005.05.14"]

1. e4 e5 2. Nf3 d5 3. exd5 e4 4. Ne5 Qxd5 5. d4 Bb4+ 6. c3 Nf6 7. Bc4 Qd6 8.
Nxf7 Qc6 9. Qe2 Rf8 10. Bb5 Bg4 11. Bxc6+ Nxc6 12. Qc4 Bd6 13. Nxd6+ cxd6 14.
O-O d5 15. Qb3 O-O-O 16. Bg5 Rd6 17. Qa3 Rdd8 18. c4 Rf7 19. cxd5 Rxd5 20. Qc3
Rxg5 21. Nd2 Nd5 22. Qc4 Bh3 23. Nxe4 Rxg2+ 24. Kh1 Rg6 25. Rg1 Bg4 26. Rxg4
Rxg4 27. Nd6+ Kb8 28. Nxf7 Rxd4 29. Qc5 Rf4 30. Qxd5 Rxf2 31. Qd6+ Ka8 32. Qf8+
Nb8 33. Qxg7 h5 34. Nd6 1-0

[Event "C.to Regionale Lombardia"]
[Site "Monza ITA"]
[Date "2005.05.22"]
[Round "6"]
[White "Pisani, Gennaro"]
[Black "Mannoni, Luigi"]
[Result "0-1"]
[WhiteElo "1526"]
[BlackElo "1637"]
[PlyCount "80"]
[EventDate "2005.05.14"]

1. e4 d6 2. d4 g6 3. Nf3 Bg7 4. Nc3 Bg4 5. Be2 Nd7 6. h3 Bxf3 7. Bxf3 e5 8. Be3
Ne7 9. d5 O-O 10. Qd2 f5 11. Qd3 f4 12. Bd2 c5 13. h4 a6 14. h5 g5 15. h6 Bf6
16. g3 Ng6 17. O-O-O Kh8 18. Rdg1 b5 19. gxf4 exf4 20. a3 Qe7 21. Re1 Nde5 22.
Qe2 b4 23. Na2 bxa3 24. bxa3 Qb7 25. Bc3 Rab8 26. Kd2 Nxf3+ 27. Qxf3 Ne5 28.
Qe2 f3 29. Qf1 g4 30. Rh5 Qe7 31. Bxe5 Bxe5 32. Rb1 Bf4+ 33. Kd3 c4+ 34. Kd4
Be5+ 35. Kxc4 Qc7+ 36. Kd3 Qc5 37. c3 Rxb1 38. Qxb1 Qxf2 39. Rxe5 dxe5 40. Qb7
Qe2# 0-1

[Event "C.to Regionale Lombardia"]
[Site "Monza ITA"]
[Date "2005.05.22"]
[Round "6"]
[White "Redaelli, Gianfranco"]
[Black "Bencivenga, Antonio"]
[Result "0-1"]
[WhiteElo "1622"]
[BlackElo "1476"]
[PlyCount "37"]
[EventDate "2005.05.14"]

1. f4 d6 2. Nf3 g6 3. e4 Bg7 4. d4 Bg4 5. c3 Nf6 6. h3 Bxf3 7. Qxf3 O-O 8. e5
dxe5 9. fxe5 Nd5 10. Bc4 c6 11. O-O e6 12. Nd2 Nd7 13. Ne4 f5 14. Nd6 Rb8 15.
Bxd5 cxd5 16. Qg3 b5 17. Bg5 Qb6 18. Be7 Bxe5 19. Qg5 0-1

[Event "C.to Regionale Lombardia"]
[Site "Monza ITA"]
[Date "2005.05.22"]
[Round "6"]
[White "Rinaldo, Andrea"]
[Black "Azzoni, Silvia"]
[Result "1/2-1/2"]
[WhiteElo "1748"]
[BlackElo "1568"]
[PlyCount "86"]
[EventDate "2005.05.14"]

1. d4 d5 2. Nf3 Nc6 3. Bf4 Bf5 4. c3 Nf6 5. e3 e6 6. Qa4 Bd6 7. Bb5 Qd7 8. Ne5
Bxe5 9. Bxe5 Nh5 10. Qd1 Bg6 11. g4 Nf6 12. h4 h6 13. Nd2 Rg8 14. Nb3 b6 15.
Qe2 Ne4 16. f3 Nd6 17. Bxd6 Qxd6 18. O-O-O Ke7 19. f4 Na5 20. Bd3 Nxb3+ 21.
axb3 Be4 22. Bxe4 dxe4 23. Qc4 c6 24. Rdf1 b5 25. Qe2 Qd5 26. Kc2 Rab8 27. f5
e5 28. f6+ gxf6 29. dxe5 Qd3+ 30. Qxd3 exd3+ 31. Kxd3 Rbd8+ 32. Kc2 fxe5 33.
Rhg1 Rd6 34. Rf5 f6 35. Rh5 Rg6 36. g5 f5 37. Rxh6 Rxh6 38. gxh6 Rxh6 39. Rg7+
Kd6 40. Rxa7 Rxh4 41. Rf7 Rh2+ 42. Kc1 Rh1+ 43. Kd2 Rh2+ 1/2-1/2

[Event "C.to Regionale Lombardia"]
[Site "Monza ITA"]
[Date "2005.05.22"]
[Round "6"]
[White "Sala, Sergio"]
[Black "Rossi, Giampiero"]
[Result "0-1"]
[WhiteElo "1811"]
[BlackElo "2030"]
[PlyCount "63"]
[EventDate "2005.05.14"]

1. e4 c5 2. Nf3 e6 3. g3 d6 4. Bg2 Nf6 5. Qe2 Nc6 6. c3 Be7 7. Na3 O-O 8. O-O
Bd7 9. Nc2 Qc7 10. d4 cxd4 11. Ncxd4 Nxd4 12. Nxd4 a6 13. Re1 Rfc8 14. a4 Rab8
15. a5 e5 16. Nc2 Be6 17. Bg5 h6 18. Be3 Qc4 19. Ba7 Qxe2 20. Rxe2 Ra8 21. Bb6
Bd8 22. Bxd8 Rxd8 23. Ne3 Rac8 24. Rd2 Rc5 25. Rad1 Rxa5 26. Rxd6 Rxd6 27. Rxd6
Ra1+ 28. Rd1 Rxd1+ 29. Nxd1 Kf8 30. Kf1 Ke7 31. Ne3 Kd6 32. Ke2 0-1

[Event "C.to Regionale Lombardia"]
[Site "Monza ITA"]
[Date "2005.05.22"]
[Round "6"]
[White "Santelli, Francesco"]
[Black "Kokosar, Oliviero"]
[Result "1-0"]
[WhiteElo "1849"]
[BlackElo "1499"]
[PlyCount "71"]
[EventDate "2005.05.14"]

1. e4 e5 2. Nc3 Nf6 3. f4 Nc6 4. Nf3 d6 5. Bb5 Bd7 6. O-O h6 7. d3 exf4 8. Bxf4
a6 9. Bxc6 Bxc6 10. e5 Nd5 11. Nxd5 Bxd5 12. c4 Be6 13. Nd4 Qd7 14. Nxe6 fxe6
15. Qh5+ Kd8 16. Bg5+ Kc8 17. Rf7 Qc6 18. Raf1 Qc5+ 19. Kh1 b6 20. Rxf8+ Kb7
21. Rxa8 Kxa8 22. Qf3+ Ka7 23. Be3 Qxe5 24. d4 Qf5 25. Qxf5 exf5 26. Rxf5 g5
27. Kg1 Kb8 28. Kf2 Kc8 29. d5 Rh7 30. b4 Kb7 31. Rf6 Kc8 32. Kg3 Kd7 33. Kg4
Ke7 34. Re6+ Kf7 35. Kh5 c5 36. bxc5 1-0

[Event "C.to Regionale Lombardia"]
[Site "Monza ITA"]
[Date "2005.05.22"]
[Round "6"]
[White "Vignoli, Ernesto"]
[Black "Di Mauro, Valerio"]
[Result "0-1"]
[WhiteElo "1287"]
[BlackElo "1586"]
[PlyCount "55"]
[EventDate "2005.05.14"]

1. e4 e5 2. f4 exf4 3. Nf3 d6 4. d4 Bg4 5. Bxf4 Be7 6. g3 a6 7. Qd3 Nc6 8. a3
Bxf3 9. Qxf3 Nxd4 10. Qd3 Ne6 11. Bd2 Nf6 12. Bh3 Nc5 13. Qe3 Ncxe4 14. Bc3 O-O
15. Bxf6 Bxf6 16. Qb3 Re8 17. O-O Ng5 18. Bg4 Bd4+ 19. Kh1 Qe7 20. Nd2 Ne4 21.
Nxe4 Qxe4+ 22. Bf3 Qg6 23. Bd5 Re7 24. Rxf7 Rxf7 25. Qxb7 Raf8 26. Qxc7 Kh8 27.
Bxf7 Qxf7 28. Qxd6 0-1

[Event "C.to Regionale Lombardia"]
[Site "Monza ITA"]
[Date "2005.05.22"]
[Round "6"]
[White "Villa, Maurizio"]
[Black "Lamera, Giuseppe"]
[Result "0-1"]
[WhiteElo "1530"]
[BlackElo "1440"]
[PlyCount "42"]
[EventDate "2005.05.14"]

1. d4 d6 2. c4 c6 3. Nc3 Nf6 4. Nf3 Qa5 5. Bd2 Qb6 6. b3 Bg4 7. e3 h6 8. Be2
Nbd7 9. h3 Bf5 10. Nh4 Bh7 11. Bc1 e5 12. Bb2 Qa5 13. Bd3 e4 14. Bc2 g5 15. Nf3
exf3 16. Bxh7 Rxh7 17. Qxf3 O-O-O 18. O-O h5 19. e4 g4 20. hxg4 hxg4 21. Qf4
Qh5 0-1

[Event "II Festival A"]
[Site "Positano ITA"]
[Date "2005.05.19"]
[Round "4"]
[White "Solodovnichenko, Yuri"]
[Black "Contin, Daniel"]
[Result "0-1"]
[WhiteElo "2519"]
[BlackElo "2371"]
[PlyCount "82"]
[EventDate "2005.05.16"]

1. e4 e6 2. d4 d5 3. Nc3 Bb4 4. Nge2 Nc6 5. a3 Ba5 6. e5 f6 7. Nf4 Qd7 8. Bb5
fxe5 9. dxe5 Qf7 10. O-O Nge7 11. Nh3 h6 12. b4 Bb6 13. Na4 Bd7 14. c4 Bd4 15.
Bxc6 Nxc6 16. Ra2 dxc4 17. b5 O-O-O 18. bxc6 Bxc6 19. Rd2 Qg6 20. Nf4 Qe4 21.
Re2 Qf5 22. Qc2 Qxc2 23. Rxc2 Bxa4 24. Rxc4 Bb5 25. Rxd4 Rxd4 26. Nxe6 Rd5 27.
Re1 Re8 28. Nxg7 Rexe5 29. Be3 Rd7 30. f4 Rxe3 31. Rxe3 Rxg7 32. Re6 h5 33. Rh6
Bc6 34. g3 Bf3 35. Kf2 Bd1 36. Ke3 Kd7 37. Kd4 Re7 38. f5 b6 39. f6 c5+ 40. Kc4
Re3 41. Rh8 a6 0-1

[Event "II Festival A"]
[Site "Positano ITA"]
[Date "2005.05.19"]
[Round "5"]
[White "Contin, Daniel"]
[Black "Bellia, Fabrizio"]
[Result "1-0"]
[WhiteElo "2371"]
[BlackElo "2388"]
[PlyCount "55"]
[EventDate "2005.05.16"]

1. c4 Nf6 2. Nf3 e6 3. g3 d5 4. b3 Be7 5. Bg2 O-O 6. O-O c5 7. e3 Nc6 8. Qe2 b6
9. Bb2 Bb7 10. Rd1 Qc7 11. Nc3 Rfd8 12. Rac1 Rac8 13. cxd5 Nxd5 14. Nxd5 Rxd5
15. d4 Rdd8 16. dxc5 Bxc5 17. Ng5 h6 18. Ne4 Bf8 19. Nf6+ Kh8 20. Rxd8 Qxd8 21.
Rd1 Qe7 22. Rd7 gxf6 23. Rxe7 Bxe7 24. Qh5 Kg7 25. Be4 Na5 26. Qg4+ Kf8 27.
Bxb7 Nxb7 28. Qf3 1-0

[Event "II Festival A"]
[Site "Positano ITA"]
[Date "2005.05.20"]
[Round "6"]
[White "Contin, Daniel"]
[Black "Naumkin, Igor"]
[Result "1-0"]
[WhiteElo "2371"]
[BlackElo "2412"]
[PlyCount "166"]
[EventDate "2005.05.16"]

1. Nf3 Nf6 2. c4 b6 3. g3 Bb7 4. Bg2 e6 5. O-O Be7 6. Nc3 O-O 7. Re1 d5 8. cxd5
exd5 9. d4 Na6 10. Bf4 c5 11. Rc1 Ne4 12. a3 Re8 13. dxc5 Naxc5 14. Nd4 Bf6 15.
Ncb5 Re7 16. b4 Ne6 17. Nxe6 fxe6 18. Bxe4 dxe4 19. Qxd8+ Rxd8 20. Nxa7 Ra8 21.
Nb5 Rd7 22. Rc2 Bd5 23. Rec1 h6 24. Be3 Kh7 25. Rc8 Rd8 26. Rxa8 Rxa8 27. Rc2
h5 28. h4 Kg6 29. Kf1 Kh7 30. Ke1 Kg6 31. Bd2 Bb3 32. Rc1 Be5 33. Bc3 Rc8 34.
Kd2 Bb8 35. Bd4 Rxc1 36. Kxc1 Bc4 37. Nc3 b5 38. Kd2 e5 39. Bc5 Kf5 40. Ke3 Bc7
41. a4 bxa4 42. Nxa4 Bb5 43. Nc3 Bc6 44. b5 Ba8 45. b6 Bd8 46. Nb5 Ke6 47. Nc7+
Bxc7 48. bxc7 Bb7 49. Bb4 g6 50. Kd2 Kd7 51. Ba5 Ba6 52. Kd1 Kd6 53. Kc2 Kd7
54. Kd2 Kd6 55. Kc3 e3 56. fxe3 Kd7 57. Kb4 Bxe2 58. Kc5 Bf3 59. Kb6 Bd5 60.
Kc5 Bb7 61. Kb6 Bd5 62. Bc3 e4 63. Be5 Kc8 64. Kc5 Be6 65. Kd6 Bf5 66. Bf4 Kb7
67. Ke7 Kc8 68. Be5 Bg4 69. Kf6 Bf5 70. Kg5 Kd7 71. Kf4 Ke8 72. Bd6 Kf7 73. Ke5
Ke8 74. g4 Bxg4 75. Kxe4 Kf7 76. Kd5 Bc8 77. Bc5 g5 78. hxg5 h4 79. e4 Kg6 80.
e5 Kxg5 81. Be7+ Kh5 82. Bxh4 Kg6 83. e6 Kg7 1-0

[Event "II Festival A"]
[Site "Positano ITA"]
[Date "2005.05.21"]
[Round "7"]
[White "Lazarev, Vladimir"]
[Black "Contin, Daniel"]
[Result "1/2-1/2"]
[WhiteElo "2507"]
[BlackElo "2371"]
[PlyCount "100"]
[EventDate "2005.05.16"]

1. d4 e6 2. c4 Nf6 3. Nc3 Bb4 4. Qc2 O-O 5. a3 Bxc3+ 6. Qxc3 b6 7. Bg5 Bb7 8.
f3 h6 9. Bh4 d5 10. e3 Nbd7 11. cxd5 Nxd5 12. Bxd8 Nxc3 13. Bh4 Nd5 14. Bf2 c5
15. e4 Ne7 16. Ne2 Rfd8 17. O-O-O cxd4 18. Bxd4 Nc6 19. Be3 Ba6 20. Nc3 Bxf1
21. Rhxf1 Nde5 22. Kc2 Kf8 23. b3 Ke7 24. f4 Ng4 25. Bg1 g5 26. g3 gxf4 27.
gxf4 Rxd1 28. Rxd1 Rg8 29. e5 Nxh2 30. Bxh2 Rg2+ 31. Rd2 Nd4+ 32. Kd3 Rxd2+ 33.
Kxd2 Nf3+ 34. Ke3 Nxh2 35. Nb5 a6 36. Nc7 Nf1+ 37. Ke2 Ng3+ 38. Kf3 Nf5 39.
Nxa6 Nd4+ 40. Kg4 Nxb3 41. Kh5 Nd4 42. Nb4 Nf5 43. a4 Kd7 44. Kg4 Ne3+ 45. Kh5
Nd5 46. Nd3 Nc3 47. Nb2 Ne2 48. Nd3 Kc6 49. Kxh6 Kd5 50. Kg5 Nd4 1/2-1/2